[Event "NOR-chT 1415"]
[Site "Norway"]
[Date "2015.01.09"]
[Round "4.6"]
[White "Leer Salvesen, Bjarte"]
[Black "Gandrud, Vegar Koi"]
[Result "1/2-1/2"]
[WhiteElo "2355"]
[BlackElo "2231"]
[PlyCount "119"]
[EventDate "2014.10.31"]
[EventType "team-tourn"]
[EventRounds "11"]
[EventCountry "NOR"]
[SourceTitle "EXT 2016"]
[Source "ChessBase"]
[SourceDate "2015.10.08"]
[SourceVersion "1"]
[SourceVersionDate "2015.10.08"]
[SourceQuality "1"]
[WhiteTeam "SOSS"]
[BlackTeam "Stavanger"]
[WhiteTeamCountry "NOR"]
[BlackTeamCountry "NOR"]

1. c4 c5 2. g3 g6 3. Bg2 Bg7 4. Nf3 Nc6 5. Nc3 e6 6. d4 Nxd4 7. Nxd4 cxd4 8. Ne4 Ne7 9. Nd6+ Kf8 10. Qb3 Qc7 11. Bf4 Qa5+ 12. Bd2 Qc7 13. Bb4 Kg8 14. 0-0 Nc6 15. Ba3 a6 16. Rfd1 Be5 17. c5 Rb8 18. f4 Bg7 19. Ne8 Qd8 20. Nxg7 Kxg7 21. Qc4 b5 22. cxb6 Qxb6 23. Bxc6 d3+ 24. Bc5 Qxc6 25. Bd4+ f6 26. Qxc6 dxc6 27. Rxd3 c5 28. Bc3 Kf7 29. Rad1 Ke7 30. Rd6 Rb7 31. Rc6 Bd7 32. Rxc5 Rc8 33. Rxc8 Bxc8 34. Kf2 Rd7 35. Rxd7+ Bxd7 36. Ke3 Bb5 37. b3 h5 38. a4 Bc6 39. Kd4 Bd5 40. b4 Kd6 41. b5 e5+ 42. fxe5+ fxe5+ 43. Ke3 axb5 44. axb5 Kc5 45. Bxe5 Kxb5 46. Kf4 Bc4 47. e4 Bd3 48. Bb2 Kc6 49. Ke5 Kd7 50. Ba3 Ke8 51. Kd5 Bb1 52. e5 Bc2 53. Ke6 Bb1 54. Kf6 Bc2 55. Bc1 Bb1 56. Bf4 Bc2 57. h3 Bb1 58. g4 hxg4 59. hxg4 Bc2 60. e6 1/2-1/2

[Event "EU-Cup 28th"]
[Site "Eilat"]
[Date "2012.10.15"]
[Round "5.1"]
[White "Leer Salvesen, Bjarte"]
[Black "Fejzullahu, Afrim"]
[Result "1-0"]
[WhiteElo "2370"]
[BlackElo "2344"]
[PlyCount "73"]
[EventDate "2012.10.11"]
[EventType "team-swiss"]
[EventRounds "7"]
[EventCountry "ISR"]
[SourceTitle "CBM 151"]
[Source "ChessBase"]
[SourceDate "2012.11.13"]
[SourceVersion "1"]
[SourceVersionDate "2012.11.13"]
[SourceQuality "1"]
[WhiteTeam "SOSS"]
[BlackTeam "Expik"]
[WhiteTeamCountry "NOR"]
[BlackTeamCountry "KOS"]

1. c4 Nf6 2. g3 g6 3. Bg2 Bg7 4. Nf3 0-0 5. Nc3 c5 6. d4 cxd4 7. Nxd4 d6 8. 0-0 a6 9. h3 Nbd7 10. Be3 e6 11. Rc1 Ne5 12. b3 Qc7 13. Qd2 Bd7 14. Rfd1 Ne8 15. Bg5 f6 16. Be3 Rd8 17. f4 Nf7 18. Bf2 f5 19. e4 fxe4 20. Nxe4 e5 21. Ne2 Bc6 22. N2c3 exf4 23. gxf4 Qa5 24. Re1 Nf6 25. Rcd1 Nxe4 26. Nxe4 Qh5 27. Bd4 Qh6 28. Nf6+ Bxf6 29. Bxf6 Bxg2 30. Qxg2 Rd7 31. Qg4 Rc7 32. Rd5 Nd8 33. Rxd6 Nc6 34. Ree6 Rcf7 35. c5 Na7 36. Be5 Nc6 37. Rxg6+ 1-0

[Event "EU-Cup 28th"]
[Site "Eilat"]
[Date "2012.10.12"]
[Round "2.1"]
[White "Svetushkin, Dmitry"]
[Black "Leer Salvesen, Bjarte"]
[Result "1-0"]
[WhiteElo "2597"]
[BlackElo "2370"]
[PlyCount "61"]
[EventDate "2012.10.11"]
[EventType "team-swiss"]
[EventRounds "7"]
[EventCountry "ISR"]
[SourceTitle "CBM 151"]
[Source "ChessBase"]
[SourceDate "2012.11.13"]
[SourceVersion "1"]
[SourceVersionDate "2012.11.13"]
[SourceQuality "1"]
[WhiteTeam "Perfect"]
[BlackTeam "SOSS"]
[WhiteTeamCountry "RUS"]
[BlackTeamCountry "NOR"]

1. e4 e6 2. d4 d5 3. Nc3 Bb4 4. e5 c5 5. a3 Bxc3+ 6. bxc3 Qc7 7. Nf3 b6 8. Bb5+ Bd7 9. Bd3 Ba4 10. 0-0 Ne7 11. Re1 Nbc6 12. dxc5 bxc5 13. c4 dxc4 14. Bxc4 Nf5 15. Bd3 Rd8 16. Qe2 0-0 17. Bg5 Rd7 18. Bxf5 exf5 19. Qc4 Qa5 20. e6 fxe6 21. Qxe6+ Rdf7 22. Bd2 Qd8 23. Be3 Qd7 24. Qc4 Na5 25. Qa2 c4 26. Ne5 Qd5 27. Nxf7 Qxf7 28. Qb2 f4 29. Bc5 Rc8 30. Re7 Qg6 31. Bd4 1-0

[Event "NOR-chT 1112"]
[Site "Norway"]
[Date "2012.01.13"]
[Round "4"]
[White "Leer Salvesen, Bjarte"]
[Black "Houska, Jovanka"]
[Result "0-1"]
[WhiteElo "2380"]
[BlackElo "2415"]
[PlyCount "82"]
[EventDate "2011.11.04"]
[EventType "team-tourn"]
[EventRounds "9"]
[EventCountry "NOR"]
[SourceTitle "EXT 2013"]
[Source "ChessBase"]
[SourceDate "2012.11.22"]
[SourceVersion "1"]
[SourceVersionDate "2012.11.22"]
[SourceQuality "1"]
[WhiteTeam "SOSS"]
[BlackTeam "Bergens"]
[WhiteTeamCountry "NOR"]
[BlackTeamCountry "NOR"]

1. c4 e6 2. Nf3 Nf6 3. g3 d5 4. Bg2 Be7 5. 0-0 0-0 6. b3 b6 7. Bb2 Bb7 8. e3 c5 9. Qe2 Nc6 10. d4 Rc8 11. Rd1 cxd4 12. exd4 Rc7 13. Nc3 Ba6 14. Nb5 Rc8 15. Rac1 Bd6 16. a4 Bb7 17. Ne5 Bb8 18. Ba3 Re8 19. c5 bxc5 20. Nxc6 Bxc6 21. dxc5 e5 22. Nd6 Bxd6 23. cxd6 Qd7 24. Qa6 h6 25. Rd2 Bb7 26. Qxa7 Rxc1+ 27. Bxc1 Ra8 28. Qb6 Ra6 29. Qe3 Qxd6 30. Qe2 Rb6 31. Rb2 d4 32. a5 Bxg2 33. axb6 Bb7 34. Qb5 d3 35. Rd2 e4 36. Bb2 Qe6 37. Bd4 e3 38. fxe3 Qe4 39. Qxd3 Qh1+ 40. Kf2 Ng4+ 41. Ke2 Bf3# 0-1

[Event "Rilton Cup 41st"]
[Site "Stockholm"]
[Date "2012.01.03"]
[Round "7"]
[White "Leer Salvesen, Bjarte"]
[Black "Denisov, Ivan"]
[Result "0-1"]
[WhiteElo "2380"]
[BlackElo "2348"]
[PlyCount "87"]
[EventDate "2011.12.27"]
[EventType "swiss"]
[EventRounds "9"]
[EventCountry "SWE"]
[SourceTitle "CBM 146 Extra"]
[Source "ChessBase"]
[SourceDate "2012.02.29"]
[SourceVersion "1"]
[SourceVersionDate "2012.02.29"]
[SourceQuality "1"]

1. c4 e5 2. g3 Nf6 3. Bg2 d5 4. cxd5 Nxd5 5. Nf3 Nc6 6. 0-0 Nb6 7. Nc3 Be7 8. a3 Be6 9. b4 0-0 10. Rb1 f6 11. d3 Nd4 12. Nd2 c6 13. Nde4 Bf7 14. Nc5 Qc7 15. e3 Ne6 16. Nxe6 Bxe6 17. Qc2 a5 18. d4 axb4 19. axb4 exd4 20. Nb5 d3 21. Nxc7 dxc2 22. Rb2 Bc4 23. Nxa8 Rxa8 24. Re1 Na4 25. Rxc2 Bxb4 26. Rxc4 Bxe1 27. Kf1 Nb6 28. Rc2 Bb4 29. e4 Kf7 30. f4 Ra1 31. Kf2 Na4 32. Be3 c5 33. e5 b6 34. Bc6 fxe5 35. fxe5 Ke6 36. Kf3 h6 37. h4 Ra3 38. Kf4 Bc3 39. Bc1 Bxe5+ 40. Ke4 Rxg3 41. Bf4 Rg4 42. Bd7+ Kxd7 43. Kxe5 Rxh4 44. Ra2 0-1

[Event "Pula op 25th"]
[Site "Pula"]
[Date "2011.06.25"]
[Round "9"]
[White "Fercec, Nenad"]
[Black "Leer Salvesen, Bjarte"]
[Result "0-1"]
[WhiteElo "2453"]
[BlackElo "2365"]
[PlyCount "54"]
[EventDate "2011.06.18"]
[EventType "swiss"]
[EventRounds "9"]
[EventCountry "CRO"]
[SourceTitle "CBM 143 Extra"]
[Source "ChessBase"]
[SourceDate "2011.08.29"]
[SourceVersion "1"]
[SourceVersionDate "2011.08.29"]
[SourceQuality "1"]

1. e4 e6 2. d4 d5 3. Nd2 c5 4. exd5 Qxd5 5. Ngf3 cxd4 6. Bc4 Qd6 7. 0-0 Nf6 8. Nb3 Nc6 9. Nbxd4 Nxd4 10. Nxd4 a6 11. Re1 Qc7 12. Bb3 Bd6 13. h3 0-0 14. Bg5 Bh2+ 15. Kh1 Bf4 16. Bxf6 gxf6 17. Qh5 Kh8 18. c3 Rg8 19. Bd1 Rg6 20. Bc2 f5 21. Qf3 Bd7 22. Rad1 Rag8 23. Rg1 Bh2 24. Rge1 Be5 25. Rg1 Bxd4 26. Rxd4 Bc6 27. Rc4 Rxg2 0-1

[Event "Pula op 25th"]
[Site "Pula"]
[Date "2011.06.18"]
[Round "1"]
[White "Kjellstrom, Roar"]
[Black "Leer Salvesen, Bjarte"]
[Result "0-1"]
[WhiteElo "1964"]
[BlackElo "2365"]
[PlyCount "62"]
[EventDate "2011.06.18"]
[EventType "swiss"]
[EventRounds "9"]
[EventCountry "CRO"]
[SourceTitle "CBM 143 Extra"]
[Source "ChessBase"]
[SourceDate "2011.08.29"]
[SourceVersion "1"]
[SourceVersionDate "2011.08.29"]
[SourceQuality "1"]

1. c4 e6 2. d4 d5 3. g3 Nf6 4. Nf3 dxc4 5. e3 b5 6. a4 c6 7. Bg2 Bb7 8. Ne5 a6 9. 0-0 Qb6 10. Qf3 Nbd7 11. axb5 axb5 12. Rxa8+ Bxa8 13. g4 Nxe5 14. dxe5 Nd7 15. Qg3 Be7 16. f4 0-0 17. Kh1 c5 18. e4 f6 19. exf6 Nxf6 20. Nd2 e5 21. f5 Qd6 22. g5 Nh5 23. Qg4 Nf4 24. f6 Bd8 25. Bf3 Bc6 26. Nb1 Nd3 27. g6 Qxf6 28. gxh7+ Kxh7 29. Be3 Qh4 30. Qg1 Rxf3 31. Rxf3 Qxe4 0-1

[Event "Rilton Cup 40th"]
[Site "Stockholm"]
[Date "2010.12.30"]
[Round "4"]
[White "Leer Salvesen, Bjarte"]
[Black "Brynell, Stellan"]
[Result "1/2-1/2"]
[WhiteElo "2360"]
[BlackElo "2492"]
[PlyCount "47"]
[EventDate "2010.12.27"]
[EventType "swiss"]
[EventRounds "9"]
[EventCountry "SWE"]
[SourceTitle "CBM 140 Extra"]
[Source "ChessBase"]
[SourceDate "2011.03.01"]
[SourceVersion "1"]
[SourceVersionDate "2011.03.01"]
[SourceQuality "1"]

1. c4 Nf6 2. g3 g6 3. Bg2 Bg7 4. Nf3 0-0 5. Nc3 d6 6. 0-0 Nc6 7. Rb1 a5 8. a3 e5 9. d3 Nd4 10. Nd2 c6 11. e3 Ne6 12. Nf3 Nc5 13. e4 d5 14. cxd5 cxd5 15. Nxe5 Be6 16. b4 axb4 17. axb4 Na6 18. d4 dxe4 19. Bg5 Qc7 20. Bxf6 Qxc3 21. Bxg7 Kxg7 22. Bxe4 Nxb4 23. Qe1 Nd5 24. Rxb7 1/2-1/2

[Event "Rilton Cup 40th"]
[Site "Stockholm"]
[Date "2010.12.27"]
[Round "1"]
[White "Lindgren, Philip"]
[Black "Leer Salvesen, Bjarte"]
[Result "0-1"]
[WhiteElo "2091"]
[BlackElo "2360"]
[PlyCount "70"]
[EventDate "2010.12.27"]
[EventType "swiss"]
[EventRounds "9"]
[EventCountry "SWE"]
[SourceTitle "CBM 140 Extra"]
[Source "ChessBase"]
[SourceDate "2011.03.01"]
[SourceVersion "1"]
[SourceVersionDate "2011.03.01"]
[SourceQuality "1"]

1. d4 d5 2. c4 e6 3. Nc3 Nf6 4. cxd5 exd5 5. Bg5 Be7 6. e3 c6 7. Bd3 0-0 8. Qc2 Nbd7 9. Nge2 Re8 10. 0-0 Nf8 11. f3 Be6 12. Rae1 Rc8 13. Ng3 h6 14. Bf4 Bd6 15. Bxd6 Qxd6 16. a3 a6 17. Na4 Rc7 18. Qf2 Rce7 19. Re2 N8d7 20. Rc1 b5 21. Nc5 Nxc5 22. Rxc5 Nd7 23. Rc3 c5 24. dxc5 Nxc5 25. Bb1 Na4 26. Rc1 b4 27. axb4 Qxb4 28. Rd2 Rb8 29. f4 Nxb2 30. f5 Nc4 31. Rdd1 Bd7 32. f6 Re5 33. fxg7 Nxe3 34. Qf6 Nxd1 35. Qxe5 Qb6+ 0-1

[Event "NOR-chT 0910"]
[Site "Norway"]
[Date "2009.11.08"]
[Round "3"]
[White "Leer Salvesen, Bjarte"]
[Black "Houska, Jovanka"]
[Result "1/2-1/2"]
[WhiteElo "2349"]
[BlackElo "2391"]
[PlyCount "57"]
[EventDate "2009.11.06"]
[EventType "team"]
[EventRounds "9"]
[EventCountry "NOR"]
[SourceTitle "EXT 2011"]
[Source "ChessBase"]
[SourceDate "2010.11.26"]
[SourceVersion "1"]
[SourceVersionDate "2010.11.26"]
[SourceQuality "1"]
[WhiteTeam "SOSS"]
[BlackTeam "Bergen"]
[WhiteTeamCountry "NOR"]
[BlackTeamCountry "NOR"]

1. c4 c6 2. Nf3 d5 3. d4 Nf6 4. cxd5 cxd5 5. Nc3 Nc6 6. Bf4 a6 7. Rc1 Bf5 8. e3 e6 9. Qb3 Na5 10. Qa4+ Nc6 11. Ne5 Qb6 12. Bb5 Rc8 13. Bxc6+ bxc6 14. 0-0 Be7 15. Nd1 Nh5 16. Rxc6 Rxc6 17. Nxc6 Nxf4 18. Nxe7+ Kxe7 19. exf4 Qd6 20. Ne3 Rb8 21. Nxf5+ exf5 22. Re1+ Kf6 23. g3 Rxb2 24. Qe8 Rb8 25. Qe3 Rb7 26. Qf3 g6 27. Kg2 Kg7 28. Re5 Rb5 29. Qc3 1/2-1/2

[Event "NOR-chT 0910"]
[Site "Norway"]
[Date "2009.11.07"]
[Round "2"]
[White "Lovik, Lasse Ostebo"]
[Black "Leer Salvesen, Bjarte"]
[Result "1/2-1/2"]
[WhiteElo "2379"]
[BlackElo "2349"]
[PlyCount "140"]
[EventDate "2009.11.06"]
[EventType "team"]
[EventRounds "9"]
[EventCountry "NOR"]
[SourceTitle "EXT 2011"]
[Source "ChessBase"]
[SourceDate "2010.11.26"]
[SourceVersion "1"]
[SourceVersionDate "2010.11.26"]
[SourceQuality "1"]
[WhiteTeam "Asker"]
[BlackTeam "SOSS"]
[WhiteTeamCountry "NOR"]
[BlackTeamCountry "NOR"]

1. d4 d5 2. Nf3 c6 3. c4 e6 4. e3 Nf6 5. b3 Nbd7 6. Bb2 Bd6 7. Nbd2 0-0 8. Bd3 Qe7 9. Ne5 Ne8 10. f4 f5 11. 0-0 Nef6 12. Rc1 Ne4 13. Nxe4 fxe4 14. Be2 Nxe5 15. fxe5 Rxf1+ 16. Qxf1 Bb4 17. Qf4 Bd7 18. Rf1 Rf8 19. Qxf8+ Qxf8 20. Rxf8+ Bxf8 21. Bc3 Kf7 22. c5 Be7 23. Ba5 Kg6 24. Bc7 h5 25. Kf2 h4 26. Bb8 a6 27. Bc7 Bg5 28. Bg4 Be7 29. Ke2 Kg5 30. h3 Kg6 31. Ba5 Bg5 32. Be1 Bd8 33. b4 Bg5 34. Kd2 Kf7 35. a4 Kg6 36. Be2 Kf7 37. Bf2 Ke7 38. b5 cxb5 39. axb5 Bxb5 40. Bxb5 axb5 41. Kc3 Kd7 42. Kb4 Kc6 43. Bg1 Be7 44. Kb3 Bd8 45. Kb4 g5 46. Bf2 b6 47. cxb6 Kxb6 48. Be1 Ka6 49. Kb3 Ba5 50. Bf2 Kb6 51. Kc2 Kc6 52. Kb3 Kd7 53. Kc2 Ke7 54. Kb3 Kf7 55. Kc2 Kg6 56. Kd1 Kf7 57. Kc2 Ke8 58. Kb3 Kd7 59. Kc2 Kc6 60. Kb3 Kb6 61. Kc2 Bb4 62. Kb2 Ka6 63. Kc2 Ba5 64. Kb3 Kb6 65. Kc2 Bb4 66. Kb2 Bd2 67. Kc2 Bb4 68. Kb2 Bd2 69. Kc2 Ba5 70. Kb3 Ka7 1/2-1/2

[Event "NOR-chT 0910"]
[Site "Norway"]
[Date "2009.11.06"]
[Round "1"]
[White "Leer Salvesen, Bjarte"]
[Black "Miezis, Normunds"]
[Result "0-1"]
[WhiteElo "2349"]
[BlackElo "2530"]
[PlyCount "98"]
[EventDate "2009.11.06"]
[EventType "team"]
[EventRounds "9"]
[EventCountry "NOR"]
[SourceTitle "EXT 2011"]
[Source "ChessBase"]
[SourceDate "2010.11.26"]
[SourceVersion "1"]
[SourceVersionDate "2010.11.26"]
[SourceQuality "1"]
[WhiteTeam "SOSS"]
[BlackTeam "Moss"]
[WhiteTeamCountry "NOR"]
[BlackTeamCountry "NOR"]

1. c4 c5 2. g3 Nc6 3. Bg2 g6 4. Nc3 Bg7 5. Nf3 e5 6. d3 Nge7 7. Nd2 d6 8. Nf1 a6 9. Ne3 Rb8 10. Ned5 Nxd5 11. Nxd5 0-0 12. h4 h6 13. h5 g5 14. e4 f5 15. exf5 Bxf5 16. 0-0 b5 17. g4 Be6 18. Be4 Kh8 19. f3 Nd4 20. Rf2 Qd7 21. Be3 Rf7 22. Rb1 Rbf8 23. Nb6 Qe7 24. Nd5 Bxd5 25. cxd5 Rc8 26. Rc1 Qf8 27. b3 a5 28. Kg2 Ra7 29. Rb2 Rb8 30. Qd2 b4 31. Re1 Rf7 32. Qd1 Nb5 33. Bd2 Ra8 34. Qc1 a4 35. bxa4 Rxa4 36. Qc2 Ra3 37. Rf1 Rfa7 38. Rf2 Qa8 39. Qc1 Bf6 40. Qc4 Nd4 41. Bxb4 cxb4 42. Rxb4 Rxa2 43. Rfb2 Rxb2+ 44. Rxb2 Bd8 45. Kh3 Kg7 46. Qc1 Ra1 47. Rb1 Ra2 48. Rb2 Ne2 49. Rxa2 Qxa2 0-1

[Event "Barcelona Sants op 10th"]
[Site "Barcelona"]
[Date "2008.08.30"]
[Round "9"]
[White "Salgado Lopez, Ivan"]
[Black "Leer Salvesen, Bjarte"]
[Result "1-0"]
[WhiteElo "2532"]
[BlackElo "2376"]
[PlyCount "71"]
[EventDate "2008.08.22"]
[EventType "swiss"]
[EventRounds "10"]
[EventCountry "ESP"]
[SourceTitle "CBM 126 Extra"]
[Source "ChessBase"]
[SourceDate "2008.11.05"]
[SourceVersion "1"]
[SourceVersionDate "2008.11.05"]
[SourceQuality "1"]

1. d4 d5 2. Nf3 c6 3. e3 Nf6 4. c4 e6 5. Nc3 Bd6 6. Be2 0-0 7. Qc2 Nbd7 8. 0-0 a6 9. Rd1 Qe7 10. e4 Nxe4 11. Nxe4 dxe4 12. Qxe4 e5 13. Bg5 f6 14. Bd3 g6 15. c5 Bc7 16. Bh6 Re8 17. Bc4+ Kh8 18. Re1 Nf8 19. dxe5 Bxe5 20. Nxe5 fxe5 21. Bf4 Nd7 22. Rad1 Qxc5 23. Bg5 Kg7 24. Qh4 h5 25. Bb3 e4 26. Bd2 Qf5 27. Bc3+ Kh6 28. f3 Nc5 29. Bc2 g5 30. Qf2 Be6 31. Qd4 Qf8 32. h4 Rad8 33. hxg5+ Kxg5 34. Qe3+ Kg6 35. fxe4 Rxd1 36. Rxd1 1-0

[Event "NOR-chT Ishav 0708"]
[Site "Oslo"]
[Date "2008.01.12"]
[Round "5"]
[White "Djurhuus, Rune"]
[Black "Leer Salvesen, Bjarte"]
[Result "1/2-1/2"]
[WhiteElo "2443"]
[BlackElo "2358"]
[PlyCount "113"]
[EventDate "2007.11.09"]
[EventType "team-swiss"]
[EventRounds "9"]
[EventCountry "NOR"]
[SourceTitle "EXT 2010"]
[Source "ChessBase"]
[SourceDate "2010.11.25"]
[SourceVersion "1"]
[SourceVersionDate "2010.11.25"]
[SourceQuality "1"]

1. d4 d5 2. Nf3 c6 3. e3 Nf6 4. Bd3 Bg4 5. Nbd2 Nbd7 6. h3 Bh5 7. c4 e6 8. Qb3 Qb6 9. Qxb6 axb6 10. cxd5 exd5 11. Ne5 Bg6 12. Nxg6 hxg6 13. f3 c5 14. Bb5 Bd6 15. Kf2 0-0 16. Nb1 Nb8 17. Nc3 Nc6 18. Rd1 Rfd8 19. b3 Rac8 20. Bb2 cxd4 21. exd4 Re8 22. Na4 Bc7 23. g4 Re6 24. Re1 Rce8 25. Rxe6 Rxe6 26. Bc3 Bf4 27. Re1 Rxe1 28. Kxe1 Nd7 29. Kf2 Kf8 30. Nb2 Ke7 31. Nd3 Bd6 32. Ba4 Nf8 33. b4 Ne6 34. Bb3 Nc7 35. a4 b5 36. a5 Ke6 37. Nc5+ Bxc5 38. dxc5 Na6 39. Bxg7 Naxb4 40. h4 f6 41. h5 gxh5 42. gxh5 Nxa5 43. h6 Kf7 44. Bd1 d4 45. f4 Nd5 46. Bh5+ Kg8 47. Bf3 Nxf4 48. Bxf6 Nd3+ 49. Kg3 Nxc5 50. Bxd4 Kh7 51. Bxc5 Kxh6 52. Kf4 Kg6 53. Bg4 Kf6 54. Bc8 Nc6 55. Bxb7 Nd8 56. Bd4+ Ke7 57. Ba6 1/2-1/2

[Event "Rilton Cup 36th"]
[Site "Stockholm"]
[Date "2007.01.03"]
[Round "7"]
[White "Leer Salvesen, Bjarte"]
[Black "Christensen, Thomas1111"]
[Result "1-0"]
[WhiteElo "2389"]
[BlackElo "2170"]
[PlyCount "55"]
[EventDate "2006.12.27"]
[EventType "swiss"]
[EventRounds "9"]
[EventCountry "SWE"]
[SourceTitle "CBM 116 Extra"]
[Source "ChessBase"]
[SourceDate "2007.03.07"]
[SourceVersion "1"]
[SourceVersionDate "2007.03.07"]
[SourceQuality "1"]

1. c4 Nc6 2. g3 e5 3. Bg2 f5 4. Nc3 Nf6 5. d3 d6 6. Nf3 Bd7 7. 0-0 h6 8. Rb1 g5 9. b4 Ne7 10. c5 Ng6 11. cxd6 Bxd6 12. Nd2 Bc6 13. Bxc6+ bxc6 14. Qa4 Qd7 15. b5 Nf4 16. gxf4 gxf4 17. Kh1 Rg8 18. Qc4 c5 19. Nd5 0-0-0 20. Nxf6 Qg7 21. Nxg8 Rxg8 22. Qd5 e4 23. Qxf5+ Kb8 24. Qxe4 f3 25. Qxf3 Qe5 26. Qh3 Qxe2 27. Ne4 Be5 28. Bd2 1-0

[Event "NOR-chT2"]
[Site "Oslo"]
[Date "2006.06.09"]
[Round "3"]
[White "Carlsen, Magnus"]
[Black "Leer Salvesen, Bjarte"]
[Result "1-0"]
[WhiteElo "2646"]
[BlackElo "2372"]
[PlyCount "61"]
[EventDate "2006.06.07"]
[EventType "team"]
[EventRounds "5"]
[EventCountry "NOR"]
[SourceTitle "CBM 112 Extra"]
[Source "ChessBase"]
[SourceDate "2006.07.14"]
[SourceVersion "1"]
[SourceVersionDate "2006.07.14"]
[SourceQuality "1"]

1. d4 e6 2. c4 d5 3. Nf3 c6 4. Qc2 Nf6 5. Nbd2 Nbd7 6. g3 Be7 7. Bg2 0-0 8. 0-0 b6 9. e4 Bb7 10. e5 Ne8 11. cxd5 cxd5 12. Re1 Rc8 13. Qa4 a5 14. Nf1 Ba6 15. Qd1 b5 16. h4 b4 17. Ng5 Qc7 18. Ne3 Bxg5 19. hxg5 Qb6 20. Bf1 Bxf1 21. Kxf1 f5 22. exf6 gxf6 23. Ng4 Rc4 24. Be3 fxg5 25. Kg2 e5 26. b3 Rc3 27. dxe5 d4 28. Bxd4 Qc6+ 29. Kg1 Rcf3 30. e6 Ndf6 31. Ne5 1-0